000 01054nam a2200229Ia 4500
999 _c37919
_d37919
001 3897
003 GE_BSU
005 20190816163441.0
008 181216s1990||||ge |||||||||||||| ||geo||
040 _cGE_BSU
041 _ageo
080 _a124.5 შ–96
100 _aშუშანაშვილი, გერონტი
_9385
245 _aღირებულება და საზოგადოებრივი ცნობიერების ფორმები /
_cრედ.: ო. ჯიოევი ; საქ. სსრ მეცნ. აკად., ფილოს. ინ-ტი.
264 _aთბ. :
_bმეცნიერება,
_c1990.
300 _a144 გვ. ;
_b22 სმ.
653 _aსაზოგადოებრივი ცნობიერება
653 _aღირებულება
700 _aჯიოევი, ო.
_eრედაქტორი
_93593
710 _aსაქ. სსრ მეცნ. აკად., ფილოს. ინ-ტი.
_93661
942 _cBK
_2udc